000 00243nam a2200109Ia 4500
008 200302s9999 xx 000 0 und d
100 _aRobert McCarter
245 _aCarlo Scarpa
260 _bPhaidon Publishers
260 _c2013
300 _a287
999 _c7387
_d7387